000 00365nam a22001337a 4500
003 PILC
005 20150902074437.0
008 150902b xxu||||| |||| 00| 0 eng d
050 _aND 1535
_b.Ac187 1997
245 _aAcrylic colour :
_bhints, tips & techniques /
260 _aEngland :
_bWInsor & Newton,
_c1997.
650 _aAcrylic color.
942 _2lcc
_cBK
_kFOR
999 _c288568
_d288568